| 000 | 01496nam a22003257a 4500 | ||
|---|---|---|---|
| 001 | BRCA_9195 | ||
| 003 | FranzMayer | ||
| 005 | 20220809132958.0 | ||
| 008 | 220708b |||||||| |||| 00| 0 spa d | ||
| 020 | _a9788894340976 | ||
| 040 |
_bspa _cMFM |
||
| 041 | _aspa | ||
| 050 |
_aN7793.V66 _bL97 2018 |
||
| 100 |
_aLuque Agraz, Elin _921096 |
||
| 245 | 1 | 0 |
_aGracias al cielo : _bRepertorio de exvotos mexicanos / _cElin Luque Agraz |
| 260 |
_aParma, Italia : _bFranco Maria Ricci, _c2018 |
||
| 300 |
_a261 p. : _bil. col. ; _c29 x 30.5 cm. _eCuadernillo de 2 hojas (28 x 30 cm.) |
||
| 500 | _aUbicación: L59-N5 | ||
| 500 | _aIncluye semblanza de Elin Luque Agraz | ||
| 501 | _aIncluye imagen de la Colección Museo Franz Mayer (p. 108-109) y un análisis de la misma imagen (p. 110) | ||
| 504 | _aBibliografía: p. 258-260 | ||
| 505 | 2 |
_tPrólogo / _rGermaine Gómez Haro |
|
| 505 | 2 |
_tIntroducción / _rGiorgio Antei |
|
| 505 | 2 |
_tAve María. La estación de los milagros / _rGiorgio Antei |
|
| 505 | 2 |
_tRepertorio de exvotos mexicanos / _rElin Luque Agraz |
|
| 520 | _aEl Repertorio de Elin Luque reúne ejemplos que van desde el siglo XVII hasta el presente. Además, evidencia las alteraciones sufridas por los exvotos mexicanos en el curso de cinco siglos, y muestra al mismo tiempo como sus rasgos generales se hayan preservado casi intactos. | ||
| 650 |
_aExvotos _ySiglo XVII _zMéxico _928434 |
||
| 942 |
_2lcc _cB |
||
| 999 |
_c10814 _d10814 |
||